№ 30; Изобретения. Полезные модели

Dades bibliogràfiques
Parent link:Изобретения. Полезные модели: бюллетень/ Федеральный институт промышленной собственности (ФИПС, Роспатент). № 30.— , 2000-2012.— 1683-2019
Idioma:rus
Publicat: 2010
Format: MixedMaterials Llibre
KOHA link:https://koha.lib.tpu.ru/cgi-bin/koha/opac-detail.pl?biblionumber=430161

MARC

LEADER 00000nam2a2200000 4500
001 430161
005 20250311143908.0
035 |a (RuTPU)RU\TPU\prd\90122 
090 |a 430161 
100 |a 20101118a20109999k y0rusy50 ca 
101 0 |a rus 
102 |a RU 
200 0 |a № 30 
210 |d 2010 
461 1 |0 (RuTPU)RU\TPU\prd\43181  |x 1683-2019  |t Изобретения. Полезные модели  |o бюллетень  |f Федеральный институт промышленной собственности (ФИПС, Роспатент)  |v № 30  |d 2000-2012 
801 0 |a RU  |b 63413507  |c 20010227  |g PSBO 
801 1 |a RU  |b 63413507  |c 20101118 
801 2 |a RU  |b 63413507  |c 20151030  |g RCR 
942 |c CR